| 000 | 00789nas a2200253 4500 | ||
|---|---|---|---|
| 001 | BR9704110 | ||
| 003 | BR-BrBNA | ||
| 005 | 20231205100429.0 | ||
| 007 | ta | ||
| 008 | 230509b bl.|||p| |||| 00| 00por d | ||
| 040 |
_aBR-BrBNA _bpor _cBiblioteca Nacional de Agricultura |
||
| 041 | _a(Pt) | ||
| 072 | _aF03 | ||
| 100 | 1 | _aMartins, L. | |
| 100 | 1 | _aLago, A.A. do | |
| 245 | 1 | _aGerminacao e viabilidade de sementes de Brachiaria brizantha (Hochst. Ex A. Rich.)Stapf durante o armazenamento | |
| 650 | _aCapim Brachiaria | ||
| 650 | _aGerminacao | ||
| 650 | _aArmazenamento | ||
| 650 | _aSemente | ||
| 773 | 0 |
_tRevista Brasileira de Sementes (Brazil) _xISSN 0101-3122 _g(1996), v. 18(2) p. 262-266 _wBR9704110 |
|
| 909 |
_a202311 _bLúcia _c55 _dLúcia Elande |
||
| 942 |
_2AGRIS _n0 _cANA |
||
| 999 |
_c155974 _d155974 |
||